书目信息 |
| 题名: |
高频电子线路
|
|
| 作者: | 李福勤 , 杨建平 主编 | |
| 分册: | ||
| 出版信息: | 北京 北京大学出版社 2008.01 |
|
| 页数: | 178页 | |
| 开本: | 26cm | |
| 丛书名: | 21世纪全国高职高专电子信息系列实用规划教材 | |
| 单 册: | ||
| 中图分类: | TN710 | |
| 科图分类: | ||
| 主题词: | 高频--gao pin--电子电路--高等学校--教材 | |
| 电子资源: | ||
| ISBN: | 978-7-301-12386-7 | |
| 000 | 01067nam 2200277 450 | |
| 001 | 012008153703 | |
| 005 | 20080901155309.57 | |
| 010 | @a978-7-301-12386-7@dCNY20.00 | |
| 100 | @a20080901d2008 em y0chiy0120 ea | |
| 101 | 0 | @achi |
| 102 | @aCN@b110000 | |
| 105 | @aa a 000yy | |
| 106 | @ar | |
| 200 | 1 | @a高频电子线路@Agao pin dian zi xian lu@f李福勤, 杨建平主编@Fli fu qin,yang jian ping zhu bian |
| 210 | @a北京@c北京大学出版社@d2008.01 | |
| 215 | @a178页@c图@d26cm | |
| 225 | 2 | @a21世纪全国高职高专电子信息系列实用规划教材@A21 shi ji quan guo gao zhi gao zhuan dian zi xin xi xi lie shi yong gui hua jiao cai |
| 320 | @a有书目 | |
| 330 | @a全书共9章,内容包括:绪论,高频电路基础知识、高频小信号放大器、高频功率放大器、正弦波振荡器、幅度调制与解电路等。 | |
| 410 | 0 | @12001 @a21世纪全国高职高专电子信息系列实用规划教材 |
| 606 | 0 | @a高频@Agao pin@x电子电路@x高等学校@j教材 |
| 690 | @aTN710@v4 | |
| 701 | 0 | @a李福勤@Ali fu qin@4主编 |
| 701 | 0 | @a杨建平@Ayang jian ping@4主编 |
| 801 | 0 | @aCN@bQSSK@c20080901 |
| 905 | @b733656-58@dTN710@eL155@f3 | |
| 高频电子线路/李福勤, 杨建平主编.-北京:北京大学出版社,2008.01 |
| 178页:图;26cm.-(21世纪全国高职高专电子信息系列实用规划教材) |
| ISBN 978-7-301-12386-7:CNY20.00 |
| 全书共9章,内容包括:绪论,高频电路基础知识、高频小信号放大器、高频功率放大器、正弦波振荡器、幅度调制与解电路等。 |
| ● |
| 相关链接 |
|
|
|
正题名:高频电子线路
索取号:TN710/L155
 
预约/预借
| 序号 | 登录号 | 条形码 | 馆藏地/架位号 | 状态 | 备注 |
| 1 | 733656 | 207336569 | 自科库301/301自科库 30排2列1层/ [索取号:TN710/L155] | 在馆 | |
| 2 | 733657 | 207336578 | 自科二线404/301自科库 22排4列4层/ [索取号:TN710/L155] | 在馆 | |
| 3 | 733658 | 207336587 | 自科库301/301自科库 30排2列1层/ [索取号:TN710/L155] | 在馆 |